Walt Disney : (Record no. 461)

MARC details
000 -LEADER
fixed length control field 00755pam a2200277 a 4500
003 - CONTROL NUMBER IDENTIFIER
control field data
005 - DATE AND TIME OF LATEST TRANSACTION
control field 20260322212021.0
008 - FIXED-LENGTH DATA ELEMENTS--GENERAL INFORMATION
fixed length control field data
010 ## - LIBRARY OF CONGRESS CONTROL NUMBER
LC control number 94002208
020 ## - INTERNATIONAL STANDARD BOOK NUMBER
International Standard Book Number 0786860278 :
020 ## - INTERNATIONAL STANDARD BOOK NUMBER
International Standard Book Number 9780786860272 :
040 ## - CATALOGING SOURCE
Original cataloging agency DLC
Transcribing agency DLC
Modifying agency OSS
043 ## - GEOGRAPHIC AREA CODE
Geographic area code n-us---
050 00 - LIBRARY OF CONGRESS CALL NUMBER
Classification number NC1766.U52
Item number D569 1994
099 ## - LOCAL FREE-TEXT CALL NUMBER (OCLC)
Classification number DISNEW
001 - CONTROL NUMBER
control field data
100 1# - MAIN ENTRY--PERSONAL NAME
Personal name Thomas, Bob,
Dates associated with a name 1922-
245 10 - TITLE STATEMENT
Title Walt Disney :
Remainder of title an American original /
Statement of responsibility, etc. Bob Thomas.
250 ## - EDITION STATEMENT
Edition statement 1st ed.
260 ## - PUBLICATION, DISTRIBUTION, ETC.
Place of publication, distribution, etc. New York, N.Y. :
Name of publisher, distributor, etc. Hyperion,
Date of publication, distribution, etc. c1994.
300 ## - PHYSICAL DESCRIPTION
Extent 379 p. :
Other physical details ill. ;
Dimensions 24 cm.
500 ## - GENERAL NOTE
General note Originally published: New York : Simon and Schuster, c1976.
500 ## - GENERAL NOTE
General note Includes index.
600 10 - SUBJECT ADDED ENTRY--PERSONAL NAME
Personal name Disney, Walt,
Dates associated with a name 1901-1966.
650 #0 - SUBJECT ADDED ENTRY--TOPICAL TERM
Topical term or geographic name entry element Animators
Geographic subdivision United States
General subdivision Biography.
Holdings
Withdrawn status Lost status Damaged status Not for loan Home library Current library Shelving location Date acquired Total checkouts Full call number Barcode Date last seen Price effective from Koha item type
        Centerville Centerville General stacks 22/03/2026   NC1766.U52 D569 1994 BC0010472 22/03/2026 22/03/2026 Books